Catálogo
 En Linea

F. Scott Fitzgerald / (Registro nro. 3586)

Detalles MARC
000 -CABECERA
campo de control de longitud fija 00934cam a2200253 a 4500
001 - NÚMERO DE CONTROL
campo de control 000003764
005 - FECHA Y HORA DE LA ÚLTIMA TRANSACCIÓN
campo de control 20200929150548.0
008 - DATOS DE LONGITUD FIJA--INFORMACIÓN GENERAL
campo de control de longitud fija 770512s1994 ag b 001 fdspa d
040 ## - FUENTE DE LA CATALOGACIÓN
Centro catalogador/agencia de origen DO-SdBNP
Lengua de catalogación spa
Centro/agencia transcriptor BNPHU
082 ## - NÚMERO DE LA CLASIFICACIÓN DECIMAL DEWEY
Número de clasificación 813.52
Número de documento/Ítem F553E
100 1# - ENTRADA PRINCIPAL--NOMBRE DE PERSONA
Nombre de persona Eble, Kenneth Eugene,
Fechas asociadas al nombre 1923-1988
9 (RLIN) 11457
240 10 - TÍTULO UNIFORME
Título uniforme F. Scott Fitzgerald.
Lenguaje de la obra Español.
245 10 - MENCIÓN DE TÍTULO
Título F. Scott Fitzgerald /
Mención de responsabilidad, etc. Kenneth Eble ; traducción Ana María Uribe.
260 ## - PUBLICACIÓN, DISTRIBUCIÓN, ETC.
Lugar de publicación, distribución, etc. Buenos Aires :
Nombre del editor, distribuidor, etc. Pleamar,
Fecha de publicación, distribución, etc. 1994.
300 ## - DESCRIPCIÓN FÍSICA
Extensión xi, 169 p. ;
Dimensiones 20 cm.
500 ## - NOTA GENERAL
Nota general Traducido del inglés.
500 ## - NOTA GENERAL
Nota general Incluye cronología de la vida de F. Scott Fitzgerald.
504 ## - NOTA DE BIBLIOGRAFÍA, ETC.
Nota de bibliografía, etc. Bibliografía: p. 164-169.
600 14 - PUNTO DE ACCESO ADICIONAL DE MATERIA--NOMBRE DE PERSONA
Nombre de persona FITZGERALD, FRANCIS SCOTT
Fechas asociadas al nombre 1896-1940
Subdivisión general CRÍTICA E INTERPRETACIÓN
9 (RLIN) 11458
650 #4 - PUNTO DE ACCESO ADICIONAL DE MATERIA--TÉRMINO DE MATERIA
Término de materia o nombre geográfico como elemento de entrada Novela autobiográfica estadounidense
9 (RLIN) 11459
650 #4 - PUNTO DE ACCESO ADICIONAL DE MATERIA--TÉRMINO DE MATERIA
Término de materia o nombre geográfico como elemento de entrada Literatura estadounidense
9 (RLIN) 263
700 1# - PUNTO DE ACCESO ADICIONAL--NOMBRE DE PERSONA
Nombre de persona Uribe, Ana María,
Término indicativo de función/relación tr.
9 (RLIN) 11460
910 ## - DATOS DE OPCIÓN DEL USUARIO (OCLC)
Datos de opción del usuario Jornada de catalogación
Existencias
Estado de retiro Estado de pérdida Restricciones de uso No para préstamo Código de colección Localización permanente Ubicación/localización actual Ubicación en estantería Fecha de adquisición Número de inventario Total de préstamos Signatura topográfica completa Código de barras Fecha visto por última vez Precio válido a partir de Tipo de ítem Koha Nota pública
        Monografías: Libros y Folletos General General Depósito 13.07.2009 LF1   813.52 F553E 3764-10 25.06.2020 25.06.2020 Préstamo en sala Perteneció a la biblioteca personal de Juan Isidro Jimenes Grullón

Con tecnología Koha